| 000 | 01157nam a22002657a 4500 | ||
|---|---|---|---|
| 005 | 20100315094846.0 | ||
| 008 | 100315t xxu||||| |||| 00| 0 eng d | ||
| 010 | _aENG-95882-83 | ||
| 020 |
_a9788183161282 (set) _c1500.00 (set of 2 V.) |
||
| 035 | _aEN-79415-16 | ||
| 037 | _bDBAD/PUB | ||
| 040 | _aDPL | ||
| 082 | _a370.71 | ||
| 100 | _aMohanty, Jagannath | ||
| 245 |
_aDynamics of teacher education/ _cby Jagannath Mohanty |
||
| 260 |
_aNew Delhi _bNeelkamal Publications _c2008 |
||
| 270 |
_aBG5/9B, Paschim Vihar, _bNew Delhi _e110063 |
||
| 300 |
_a2v. (xv, 332p. ; xv, 333-725p.) _c23 cm. (Hb) |
||
| 500 | _aInclues index | ||
| 500 | _aIt is a set of 2 V. and set price is Rs.1500.00 | ||
| 700 | _aPrakasam, V. | ||
| 942 |
_2ddc _cEN _mMOH _h370.71 |
||
| 999 |
_c34654 _d34654 |
||